| 000 | 00460cam a22001934a 4500 | ||
|---|---|---|---|
| 005 | 20250605164305.0 | ||
| 008 | 250528s ||||||||||||||||||||||||d | ||
| 035 | _a22245 | ||
| 020 | _a9780745684932 | ||
| 040 |
_aGR-AtMCL _bgre _dGR-AtMCL _eAACR2 |
||
| 245 | 1 | _aCHILDHOOD IN A GLOBAL PERSPECTIVE | |
| 250 | _a2 | ||
| 260 |
_bPolicy Press, _c2015 |
||
| 300 | _a267 | ||
| 700 | 1 |
_aWells Karen _96970 |
|
| 942 | _cBK | ||
| 999 |
_c7301 _d7301 |
||